Kader - Eintracht Frankfurt 2020/2021 - Statistiken

Allgemein
  • Dieses Quiz wurde 196 mal gespielt
  • Das Durchschnittsergebnis liegt bei 14 aus 28
Antwortstatistiken
# Position Antwort % Korrekt
1 TW Kevin Trapp
100%
10 LM Filip Kostic
93%
13 IV Martin Hinteregger
84%
2 IV Evan N'dicka
82%
35 IV Tuta
80%
15 ZOM Daichi Kamada
79%
20 ZDM Makoto Hasebe
79%
33 ST André Silva
78%
17 ZM Sebastian Rode
78%
8 ZM Djibril Sow
74%
9 ST Luka Jovic
68%
22 RV Timothy Chandler
68%
18 RV Almamy Touré
63%
25 RV Erik Durm
54%
3 ZDM Stefan Ilsanker
45%
32 ZOM Amin Younes
37%
27 ZOM Aymen Barkok
37%
7 ZOM Ajdin Hrustic
35%
21 ST Ragnar Ache
34%
11 LM Steven Zuber
28%
23 TW Markus Schubert
25%
40 TW Elias Bördner
20%
30 LV Jetro Willems
20%
31 IV Fynn Otto
14%
41 IV Felix Irorere
7%
34 ST Jabez Makanda
7%
38 IV Yannick Brugger
6%
36 ZDM Lukas Fahrnberger
5%
Keine übereinstimmenden Quizze gefunden
Verteilung der Resultate
Anzahl Personen mit jedem Resultat
Perzentil nach korrekt beantworteten Fragen
Ihre Resultats-Entwicklung
Sie haben dieses Quiz noch nicht gespielt